1742 1065 1167 1001 1596 1978 1532 1611 1191 1317 1333 1941 1829 1630 1249 1252 1175 1731 1985 1711 1290 1403 1585 1630 1719 1771 1997 1503 1668 1746 1878 1907 1315 1395 1369 1880 1795 1482 1297 1155 1059 1069 1638 1881 1707 1221 1624 1637 1766 1238 1138 1794 1401 1312 1387 1716 1394 1502 1358 1336 1008 1649 1686 1572 1318 1586 1928 1390 1655 1027 1169 1488 1528 1594 1372 1950 1488 1014 1885 1625 1395 1660 1590 1652 1752 1286 1422 1483 1765 1836 1007 1519 1385 1669 1118 1472 1505 1837 1182 BCNSPRNW ULIB Ver.6.0+V

เปลี่ยนเป็นภาษาไทย

Change to English
 แสดงรายละเอียดบรรณานุกรม
  กลับหน้าหลัก

Brief Record : Get Marc (ISO 2709) : E-mail record : QR code < ปิดหน้าต่าง
LEADER : 00000nam 2200000uu 4500
001    13399115095
003     ULIB
008    120110s2552||||th 000 0 tha d
099    วจ.WT120^bว329พ
100 0  วริศา จันทรังสีวรกุล
245 00 พฤติกรรมส่งเสริมสุขภาพและภาวะสุขภาพของผู้สูงอายุในเขตเทศบาลนคร นครสวรรค์/^cวริศา จันทรังสีวรกุล ,จิราจันทร์ คณฑา และวรรณา บุญนวน
260    นครสวรรค์ :^bวิทยาลัยพยาบาลบรมราชชนนี สวรรค์ประชารักษ์ นครสวรรค์,^c2552
300    80 หน้า
650  7 ผู้สูงอายุ^xพฤติกรรมส่งเสริมสุขภาพ^xวิจัย
700 0  จิราจันทร์ คณฑา
700 0  วรรณา บุญนวน
710 1  วิทยาลัยพยาบาลบรมราชชนนี สวรรค์ประชารักษ์ นครสวรรค์
945    ^p0^l0^i026508
995    ทศพร
999 ^a ทศพร
รายการนี้ยังไม่มีแท็ก
คุณยังไม่ได้ล็อกอิน คุณสามารถมีกิจกรรมร่วมกับเว็บไซต์ได้ แต่ต้องล็อกอินก่อน ::
  ล็อกอิน

รายการสื่อสารสนเทศ

ลำดับที่ ประเภท เลขเรียก/บาร์โค้ด สถานที่ สถานะ
1. งานวิจัย
งานวิจัย
วจ.WT120 ว329พ ฉ.1 
  Barcode: 026508
ห้องสมุดวิทยาเขตสวรรค์ประชารักษ์
►วิจัย
บนชั้น

รายการใกล้เคียง
    ผู้แต่ง [วริศา จันทรังสีวรกุล]

BibComment


ยังไม่เคยถูกคอมเมนท์

คอมเมนท์ทรัพยากรรายการนี้
  คอมเมนท์: พฤติกรรมส่งเสริมส..


 Copyright 2026. Bcnsprnw @Library